| 000 | 00966nam a2200217Ia 4500 | ||
|---|---|---|---|
| 003 | Ost | ||
| 005 | 20260507075113.0 | ||
| 008 | 260507s9999||||xx |||||||||||||| ||und|| | ||
| 040 | _cfsecg | ||
| 041 | _aara | ||
| 082 | _a600 | ||
| 100 |
_aعلي، علي حسين _eمؤلف |
||
| 245 | 0 |
_aنمذجة القرارات الإدارية "الجزء الأول" / _c علي حسين علي |
|
| 260 |
_aعمان: _bدار اليازوري للنشر, _c1999 |
||
| 300 |
_a369 صفحة؛ _bإيضاحات ؛ _c24 سم |
||
| 504 | _aببليوغرافيا:ص.191 | ||
| 520 | _aالنموذج الرياضي،اتخاذ القرار الأمثل باستخدام نماذج البرمجة الخطية،اتخاذ القرار الامثل باستخدام نماذج البرمجة الخطية المحوره،نماذج النقل | ||
| 653 | _aاتخاذ القرارات | ||
| 700 |
_aعبد الحسين، مؤيد _eمؤلف ثانوي |
||
| 942 | _cكتاب | ||
| 999 |
_c42943 _d42943 |
||